Guess The TV Channel! #2 - Statistics

General Stats
  • This quiz has been taken 64 times
  • The average score is 17 of 28
Answer Stats
Picture Answer % Correct
MTV
88%
Food Network
87%
The Weather Channel
85%
QVC
81%
Sky
79%
The CW
79%
AMC
69%
TLC
69%
Comedy Central
67%
Animal Planet
65%
Showtime
63%
Starz
63%
TV Land
60%
Al Jazeera
58%
Bravo
58%
Syfy
56%
ITV
54%
ITV
54%
TNT
52%
VH1
52%
Boomerang
46%
Tivo
46%
BET
44%
CBC
42%
Univision
40%
Fashion TV
38%
Lifetime
33%
TBS
31%
No matching quizzes found
Score Distribution
Percent of People with Each Score
Percentile by Number Answered
Your Score History
You have not taken this quiz